00724nam a2200229Ia 4500003000900000008004100009020001800050040001600068080001600084100002700100245006400127260003200191300001500223650001800238650002700256650001400283650001400297700002500311942000700336999001700343952013400360IN-BaIIA211028s9999 xx 000 0 eng d a0-03-005218-1 cIIA Library a524.83bPAS aPasachoff, J. M913441 4aThe Cosmosbastronomy in the new milleniumcJ. M. Pasachoff aForth WorthbHarcourtc2001 axxv, 395p. aActive926930 aCosmic furnaces926931 aCosmology aSun91200 aFilippenko, A926932 cBK c14910d14910 00104070aBANbBANcGENd2003-01-27eSSB g1450.50l0o524.83/ PASp15832r2021-11-05v1450.50w2003-01-27yBKGRs. 1450.50